[Event "Internet Section 06B g/8'+2\""]
[Site "Dos Hermanas"]
[Date "2004.03.06"]
[Round "3"]
[White "Alvarez Pedrosa, Valeriano"]
[Black "Sanjuan, Jorge"]
[Result "0-1"]
[WhiteElo "1926"]
[BlackElo "1741"]
[PlyCount "44"]
[EventDate "2004.03.06"]
[EventType "swiss (blitz)"]
[EventRounds "9"]
[EventCountry "ESP"]
[SourceTitle "CBM 099 Extra"]
[Source "ChessBase"]
[SourceDate "2004.05.04"]
[SourceVersion "1"]
[SourceVersionDate "2004.05.04"]
[SourceQuality "1"]

1. d4 Nf6 2. c3 g6 3. Nf3 Bg7 4. Bg5 h6 5. Bxf6 Bxf6 6. e4 d6 7. Bd3 Bg4 8. Nbd2 Nd7 9. h3 Bxf3 10. Nxf3 e5 11. Qd2 c6 12. 0-0 Bg5 13. Nxg5 Qxg5 14. Qe2 0-0 15. Rae1 Rae8 16. Kh1 h5 17. Qc2 Qf4 18. Re3 Nf6 19. Rf3 Qh4 20. Kg1 exd4 21. cxd4 Nxe4 22. Rf4 Qxf4 0-1